Vývoj a dopad daňových únikov na daňové príjmy vo vybranej krajine EÚ diplomová práca

Saved in:
Bibliographic Details
Main Author: Barancová, Lenka
Corporate Author: Národohospodárska fakulta EU. Katedra financií
Other Authors: Kušnírová, Jana, 1977-
Format: Book
Language:Slovak
Published: Bratislava 2015
Tags: Add Tag
No Tags, Be the first to tag this record!

MARC

LEADER 00000nbm a2200000 4500
001 0201049
005 20161212095119.4
041 0 |a slo 
044 |a SK 
245 1 0 |a Vývoj a dopad daňových únikov na daňové príjmy vo vybranej krajine EÚ  |b diplomová práca  |c Lenka Barancová ; školiteľ: Jana Kušnírová 
264 1 |a Bratislava  |c 2015 
300 |a 65 s. 
100 1 |a Barancová, Lenka 
700 1 |a Kušnírová, Jana, 1977- 
710 2 |a Národohospodárska fakulta EU. Katedra financií